Movies Quiz

Random Movies or Box Office Quiz

Highest-Grossing Sequels & Prequels Quiz Stats

 Plays Quiz Updated Jan 26, 2017

Challenge
Share
Tweet
Embed
Score 0/50 Timer 10:00
0 Plays Today
Year Film Title % Correct
2010Iron Man 2
75.9%
2008The Dark Knight
72.1%
2015Star Wars: The Force Awakens
66%
1983Return of the Jedi
65.6%
2012The Dark Knight Rises
63.9%
1980The Empire Strikes Back
63.7%
2004Spider-Man 2
63.5%
2005Star Wars: Episode III - Revenge of the Sith
61.9%
2002Star Wars: Episode II - Attack of the Clones
60.9%
2015Avengers: Age of Ultron
60.6%
2007Spider-Man 3
60.6%
2012Marvel's The Avengers
60.5%
1999Star Wars: Episode I - The Phantom Menace
60.3%
2010Toy Story 3
59.8%
2002The Lord of the Rings: The Two Towers
58.8%
2017Star Wars: The Last Jedi
58.5%
2003The Lord of the Rings: The Return of the King
58.2%
2005Harry Potter and the Goblet of Fire
55.9%
2009Harry Potter and the Half-Blood Prince
55.3%
2007Harry Potter and the Order of the Phoenix
54.7%
2010Harry Potter and the Deathly Hallows: Part I
52.7%
2018Incredibles 2
51.7%
2011Harry Potter and the Deathly Hallows: Part II
50.2%
2016Captain America: Civil War
49.8%
2018Avengers: Infinity War
49.4%
Year Film Title % Correct
2004Shrek 2
45.1%
2007Shrek the Third
43.3%
2013Iron Man 3
42.6%
2017Thor: Ragnarok
40%
2012The Hobbit: An Unexpected Journey
38.3%
2016Finding Dory
38.1%
2006Pirates of the Caribbean: Dead Man's Chest
37.3%
2016Rogue One: A Star Wars Story
36.8%
2015Jurassic World
35.9%
2007Pirates of the Caribbean: At World's End
35.7%
2017Guardians of the Galaxy Vol. 2
32.2%
2014The Hunger Games: Mockingjay Part 1
31.4%
2009Transformers: Revenge of the Fallen
29%
2009The Twilight Saga: New Moon
28.9%
2008Indiana Jones and the Kingdom of the Crystal Skull
27.8%
2015Furious 7
26.8%
2011Transformers: Dark of the Moon
25.8%
2010The Twilight Saga: Eclipse
23.8%
2012The Twilight Saga: Breaking Dawn Part 2
23.7%
2012Skyfall
21.1%
2016Minions
18.5%
2013The Hunger Games: Catching Fire
18.2%
2013Despicable Me 2
16.7%
2016Suicide Squad
8.2%
2018Jumanji: Welcome to the Jungle
6.7%

You're not logged in!

Compare scores with friends on all Sporcle quizzes.
OR
Log In

You Might Also Like...

Show Comments

Extras

Top Quizzes Today


Score Distribution

Your Account Isn't Verified!

In order to create a playlist on Sporcle, you need to verify the email address you used during registration. Go to your Sporcle Settings to finish the process.

Report this User

Report this user for behavior that violates our Community Guidelines.

Details: